000 00331nam a22001457a 4500
008 210427b ||||| |||| 00| 0 eng d
020 _a9780684806327
041 _aeng
080 _a51
082 _a51
100 _a36
101 _aMAT
245 _aHistory of Modern Science and Mathematics
_cBaigrie,B.S
942 _2udc
_cBK
999 _c56808
_d56808